The Macroeconomy Today / Third Edition (Record no. 25)
[ view plain ]
| 000 -LEADER | |
|---|---|
| fixed length control field | 01219cam a22002054a 4500 |
| 005 - ΗΜΕΡΟΜΗΝΙΑ ΚΑΙ ΩΡΑ ΤΕΛΕΥΤΑΙΑΣ ΕΝΗΜΕΡΩΣΗΣ | |
| Πεδίο ελέγχου | 20250605163921.0 |
| 008 - FIXED-LENGTH DATA ELEMENTS--GENERAL INFORMATION | |
| Πεδίο ελέγχου σταθερού μήκους | 250528s ||||||||||||||||||||||||d |
| 035 ## - SYSTEM CONTROL NUMBER | |
| System control number | 14391 |
| 020 ## - ISBN | |
| ISBN | 394353986 |
| 040 ## - ΠΗΓΗ ΚΑΤΑΛΟΓΟΓΡΑΦΗΣΗΣ | |
| Φορέας πρωτότυπης καταλογογράφησης | MC Athens Campus Library |
| Γλώσσα καταλογογράφησης | Ελληνικά, Μοντέρνα (1453-) |
| Modifying agency | MC Athens Campus Library |
| Κανόνες περιγραφικής καταλογογράφησης | AACR2 |
| 245 1# - ΤΙΤΛΟΣ ΚΑΙ ΔΗΛΩΣΗ ΥΠΕΥΘΥΝΟΤΗΤΑΣ | |
| Τίτλος | The Macroeconomy Today / Third Edition |
| 250 ## - EDITION STATEMENT | |
| Edition statement | 3rd |
| 260 ## - PUBLICATION, DISTRIBUTION, ETC. | |
| Name of publisher, distributor, etc. | Random House, |
| Date of publication, distribution, etc. | 1983 |
| 300 ## - PHYSICAL DESCRIPTION | |
| Extent | 538 |
| 520 ## - SUMMARY, ETC. | |
| Summary, etc. | Preface, Basics, An Overview, Using Graphs, Supply and Demand, The Public Sector, National-Income Accounting, Problems, The Business Cycle: Supply-Demand Imbalances, Unemployment, Inflation, Policy Options: The Keynesian Approach, Aggregate Spending, Potential Instability, Fiscal Policy, The Structural Deficit, Policy Options: Monetary Approaches, Money and Banks, The Federal Reserve System, Monetary Policy, Policy Options: The Supply-Side Approach, Supply-Side Policies, Current Policies, Theory and Reality, Reagan Economics, External Shocks, Long-Term Growth: Sources and Limits, International Economics and Comparative Systems, International Trade, International Finance, International Development, Socialist Planning, Glossary, Index. |
| 700 1# - ΠΡΟΣΘΕΤΗ ΑΝΑΓΡΑΦΗ--ΦΥΣΙΚΟ ΠΡΟΣΩΠΟ | |
| Personal name | Schiller R. Bradley |
| 9 (RLIN) | 6 |
| 942 ## - ADDED ENTRY ELEMENTS (KOHA) | |
| Koha item type | Books |
| Τύπος τεκμηρίου | Βιβλιοθήκη | Τρέχουσα τοποθεσία | Barcode | Αριθμός εισαγωγής | Ημερομηνία απόκτησης | Ταξιθετικό σύμβολο | Αριθμός αντιτύπου | Κατάσταση απόσυρσης | Κατάσταση χαμένου | Κατάσταση κατεστραμμένου | Μη δανεισμός | Σύνολο δανεισμών | Ημερομηνία τελευταίας εμφάνισης | Η τιμή ισχύει από |
|---|---|---|---|---|---|---|---|---|---|---|---|---|---|---|
| Books | MC Athens Campus Library | MC Athens Campus Library | 9780000000248 | 1117 | 05/06/2025 | 339 SCH | 1 | 05/06/2025 | 05/06/2025 |